00757nam a22002657a 45000010005000000030009000050050017000140070005000310080028000360400022000640410013000860920015000991000017001142450068001312600031001993000020002305000023002505210030002739100008003039420012003119450028003239520105003519560020004569990015004760142DO-SdBNP20180131152603.00142151005b2007 sp 00| 0 spa d aBPMSUbspacBPMSU17aspabeng aXXXXbXXXX1 aWilde, Oscar14aThe Canterville ghostbEl fantasma de CantervillecOscar Wilde  aBarcelona :bPasa, c2007. a63 p. :c20 cm. aTextos bilingües1 aA partir de los 12 años a202 2ddccBK aInventariado, 2018 / BT 00102ddc40708CJ-GaBPMETbBPMETd2015-11-20eFUNDIl0pBPMSU15110407r2015-11-20w2015-11-20yBK aYngrid Lockward c8836d8836